banner-ar

مكة فى اواخر القرن التاسع عشر / (Record no. 61952)

MARC details
000 -الفاتح
حقل البيانات ثابتة الطول 01123nam a22002537a 4500
005 - وقت وتاريخ اخر تعامل مع التسجيلة
رقم الضبط 20240530110524.0
008 - عناصر البيانات ثابتة الطول - معلومات عامة
حقل البيانات ثابتة الطول 160224s2007 ua ao g 000 0dara d
017 ## - رقم الايداع القانونى
رقم الايداع القانونى 2007/16962
المصدر ( الهيئة المختصة) مصر . دار الكتب المصرية
020 ## - الرقم الدولى المعيارى للكتب
الرقم الدولى المعيارى للكتاب 9774374312
040 ## - مصدر الفهرسة
وكالة الفهرسة الأصلية EG-CaGPL
082 04 - رقم تصنيف ديوى العشرى
رقم الطبعة 21
رقم التصنيف 915.3121\
رقم المادة هـ م
100 1# - المدخل الرئيسى - إسم شخصى
الإسم الشخصى هيرجرونجى ، سى . سنوك
245 10 - بيان العنوان
العنوان مكة فى اواخر القرن التاسع عشر /
بيان المسئوليه,etc تاليف سى . سنوك هيرجرونجى ؛ ترجمة صبرى محمد حسن ؛ مراجعة و تقديم جمال زكريا قاسم
250 ## - بيان الطبعة
بيان الطبعة ط1
260 ## - PUBLICATION, DISTRIBUTION, ETC. (IMPRINT)
تاريخ النشر أو التوزيع 2007 .
300 ## - الوصف المادى
التعداد 493 ص :
تفاصيل ماديه اخرى للوعاء صور ؛
أبعاد الوعاء 24 سم .
490 ## - بيان السلسلة
عنوان السلسلة المشروع القومى للترجمة ؛
رقم المجلد/ التعيين التسلسلي 1157
650 04 - المدخل الاضافى بالموضوع-مصطلح موضوعى
مصطلح موضوعي الاماكن المقدسة
650 04 - المدخل الاضافى بالموضوع-مصطلح موضوعى
مصطلح موضوعي مكة المكرمة
التقسيم الفرعي العام تاريخ
التقسيم الفرعي الزمني القرن التاسع عشر
700 0# - المدخل الاضافى - اسم شخصى
الإسم الشخصى صبرى محمد حسن
الدور مترجم
700 0# - المدخل الاضافى - اسم شخصى
الإسم الشخصى جمال زكريا قاسم
الدور مراجع و مقدم
942 ## - عناصر المدخل الإضافي( كوها)
مصدر التصنيف او مخطط الترفيف Dewey Decimal Classification
Koha [default] item type كتاب
260 ## - PUBLICATION, DISTRIBUTION, ETC. (IMPRINT)
-- القاهرة :
-- المركز القومى للترجمة ،
Holdings
حالة التراجع حالة الفقد حالة تلف ليس للاعارة المكان المؤقت الموقع الحالى تاريخ الاكتساب اجمالي اﻻعارات رقم الطلب الباركود تاريخ اخر مشاهدة تاريخ تفعيل السعر نوع وعاء كوها
        مكتبة القاهرة الكبرى مكتبة القاهرة الكبرى 02/24/2016   915.3121\ هـ م 161411 02/24/2016 02/24/2016 كتاب

Powered By

EGPV